Normal view
MARC view
- Management of Technology
Entry Topical Term
001 - CONTROL NUMBER
- control field: 112372
003 - CONTROL NUMBER IDENTIFIER
- control field: NUST
005 - DATE AND TIME OF LATEST TRANSACTION
- control field: 20230516120208.0
008 - FIXED-LENGTH DATA ELEMENTS
- fixed length control field: 230516|| aca||aabn | a|a d
040 ## - CATALOGING SOURCE
- Original cataloging agency: NUST
- Transcribing agency: NUST
150 ## - HEADING--TOPICAL TERM
- Topical term or geographic name entry element: Management of Technology
670 ## - SOURCE DATA FOUND
- Source citation: Work cat.: (NUST): Khalil, Tarek M 77050, Management of Technology:, 2000.
